| 000 | 00887nam a2200277 a 4500 | ||
|---|---|---|---|
| 001 | BRCA_5208 | ||
| 005 | 20190320205002.0 | ||
| 008 | 261110s1940----nyua######---#000-0#eng-# | ||
| 041 | _aeng | ||
| 044 | _anyu | ||
| 050 | 4 |
_aND142 _b.W44 1940 |
|
| 100 | 1 |
_aWehle, Harry Brandeis _911071 |
|
| 245 | 1 | 0 |
_aA catalog of Italian, Spanish and Byzantine paintings _cby Harry B. Whele. |
| 260 |
_aNueva York _bMetropolitan Museum of Art _c1940 |
||
| 300 |
_axi, 329 p. _bil., mapas _c21 cm. |
||
| 500 | _aE40 | ||
| 504 | _aIncluye referencias bibliográficas e índice | ||
| 650 | 1 | 4 |
_aPinturas bizantinas _913335 |
| 650 | 1 | 4 |
_apinturas italianas _912941 |
| 650 | 1 | 4 |
_aPinturas españolas _97789 |
| 650 | 1 | 4 |
_aGalerías y museos _zEstados Unidos _97437 |
| 650 | 1 | 4 |
_aPintura _vCatálogos _913336 |
| 710 | 2 |
_aMetropolitan Museum of Art (Nueva York) _97537 |
|
| 902 | _aGFM | ||
| 942 |
_2lcc _cB |
||
| 999 |
_c4902 _d4902 |
||